000 00231nam a22001337a 4500
008
020 _a9781418859367
041 _aeng
080 _a004
100 _a32
101 _aSHK
245 _aHTML
_cSHELLY
942 _2udc
_cBK
999 _c22434
_d22434